banner koha

Efeito do peso de abate no perfil de ácidos graxos da gordura de cordeiros (Registro n. 186086)

MARC details
000 -LÍDER
campo de controle de tamanho fixo 00978nas a2200349 4500
001 - NÚMERO DE CONTROLE
campo de controle BR0602805
003 - IDENTIFICADOR DO NÚMERO DE CONTROLE
campo de controle BR-BrBNA
005 - DATA E HORÁRIO DA ÚLTIMA TRANSAÇÃO
campo de controle 20231205110054.0
007 - CAMPO FIXO DE DESCRIÇÃO FÍSICA--INFORMAÇÃO GERAL
campo de controle de tamanho fixo ta
008 - CAMPO DE DADOS FIXOS--INFORMAÇÃO GERAL
campo de controle de tamanho fixo 230509b bl.|||p| |||| 00| 00por d
040 ## - FONTE DA CATALOGAÇÃO
Instituição da catalogação original BR-BrBNA
Idioma da catalogação por
Instituição que transcreveu o registro Biblioteca Nacional de Agricultura
041 ## - CÓDIGO DE IDIOMA
Código do idioma do texto/trilha sonora ou título diferente (Pt)
072 ## - CÓDIGO DE CATEGORIA DE ASSUNTO
Código de Categoria de Assunto Q02; Q04
100 1# - ENTRADA PRINCIPAL--NOME PESSOAL
Nome pessoal Costa, F. da
100 1# - ENTRADA PRINCIPAL--NOME PESSOAL
Nome pessoal Ferreira, J.M.
100 1# - ENTRADA PRINCIPAL--NOME PESSOAL
Nome pessoal Saliba, E. de O.S.
100 1# - ENTRADA PRINCIPAL--NOME PESSOAL
Nome pessoal Borges, I.
100 1# - ENTRADA PRINCIPAL--NOME PESSOAL
Nome pessoal Perez, J.R.O.
100 1# - ENTRADA PRINCIPAL--NOME PESSOAL
Nome pessoal Pilar, R.
100 1# - ENTRADA PRINCIPAL--NOME PESSOAL
Nome pessoal Silva, T.J.P. da
245 1# - TÍTULO
Título Efeito do peso de abate no perfil de ácidos graxos da gordura de cordeiros
650 ## - ASSUNTO--TERMO TÓPICO
Cabeçalho tópico ou nome geográfico OVINO
650 ## - ASSUNTO--TERMO TÓPICO
Cabeçalho tópico ou nome geográfico ÁCIDO GRAXO
650 ## - ASSUNTO--TERMO TÓPICO
Cabeçalho tópico ou nome geográfico ABATE
650 ## - ASSUNTO--TERMO TÓPICO
Cabeçalho tópico ou nome geográfico PESO
650 ## - ASSUNTO--TERMO TÓPICO
Cabeçalho tópico ou nome geográfico IDADE
650 ## - ASSUNTO--TERMO TÓPICO
Cabeçalho tópico ou nome geográfico ÁCIDO LINOLEICO
650 ## - ASSUNTO--TERMO TÓPICO
Cabeçalho tópico ou nome geográfico CROMATOGRAFIA GASOSA
773 0# - ENTRADA ANALÍTICA
Título Higiene Alimentar (Brazil)
ISSN - International Standard Serial Number ISSN 0101-9171
Partes relacionadas (May-Jun 2006), v. 20(141) p. 69-74
Número de controle do registro BR0602805
909 ## -
-- 202311
-- Lúcia
-- 55
-- Lúcia Elande
942 ## - ELEMENTOS DE ENTRADA ADICIONADOS (KOHA)
Fonte da classificação ou esquema de arquivamento na estante Classificação AGRIS
Ocultar no OPAC Não
Tipo de material Koha Analítica
Exemplares
Situação do descarte Fonte da classificação ou esquema de arquivamento na estante Situação física Não pode ser emprestado Biblioteca de origem Biblioteca atual Localização na estante Enumeração do periódico / cronologia Total de empréstimos Data de último acesso Número do exemplar Tipo de material Koha Fonte de aquisição
  Classificação AGRIS   Consulta local Biblioteca Nacional de Agricultura - Binagri Biblioteca Nacional de Agricultura - Binagri   (May-Jun 2006), v. 20(141) p. 69-74   29/11/2023 01 Periódicos Portaria Interministerial nº 164/94

BINAGRI

Telefone: (61)3218-2567/2388/3357/2097 - binagri@agro.gov.br

Ministério da Agricultura e Pecuária , Esplanada dos Ministérios, Bloco D, Anexo B, Brasília/DF, CEP: 70.043-900